000 01040cam a2200289 a 4500
001 1052607
003 OSt
005 20220405143938.0
008 901018s1991 enkabf b 001 0 eng
010 _a 90021615
020 _a0582064317
040 _aDLC
_chu
_dDLC
043 _ad------
_an-usu--
050 0 0 _aLC2605
_b.G69 1991
082 0 0 _a370.19
_220
100 2 _aGraham-Brown, Sarah.
_935179
245 1 0 _aEducation in the developing world :
_bconflict and crisis /
_cSarah Graham-Brown.
260 _aLondon ;
_aNew York :
_bLongman,
_c1991
_g(1996 printing)
300 _axx, 332 p
_bill., maps ;
_c22 cm.
504 _aIncludes bibliographical references (p. [310]-323) and indexes.
650 0 _aEducation
_zDeveloping countries.
_935180
650 0 _aEducation
_zSouthern States.
_935181
650 0 _aEducational equalization.
_935182
906 _a7
_bcbc
_corignew
_d1
_eocip
_f19
_gy-gencatlg
942 _2ddc
_cBOOKS
_n0
999 _c34362
_d34362